5HLuxD.jpg

KING HENRY VIII SENIOR AND PRIMARY SCHOOL LIBRARY OPAC

100 events that made history : (Record no. 460)

000 -LEADER
fixed length control field 01810cam a2200457 i 4500
001 - CONTROL NUMBER
control field 19111799
003 - CONTROL NUMBER IDENTIFIER
control field OSt
005 - DATE AND TIME OF LATEST TRANSACTION
control field 20190815103918.0
008 - FIXED-LENGTH DATA ELEMENTS--GENERAL INFORMATION
fixed length control field 160527t20162016nyua j 001 0 eng d
010 ## - LIBRARY OF CONGRESS CONTROL NUMBER
LC control number 2016303005
020 ## - INTERNATIONAL STANDARD BOOK NUMBER
International Standard Book Number 9780241227893
035 ## - SYSTEM CONTROL NUMBER
System control number (OCoLC)ocn908991598
040 ## - CATALOGING SOURCE
Original cataloging agency YDXCP
Language of cataloging eng
Transcribing agency YDXCP
Description conventions rda
Modifying agency OCLCQ
-- OCLCO
-- BTCTA
-- BDX
-- OCLCQ
-- CRM
-- OCLCO
-- PCX
-- CLE
-- NBO
-- UAP
-- OCLCF
-- IHX
-- DLC
042 ## - AUTHENTICATION CODE
Authentication code lccopycat
082 04 - DEWEY DECIMAL CLASSIFICATION NUMBER
Classification number 909 HIB
Edition number 23
100 1# - MAIN ENTRY--PERSONAL NAME
Personal name Hibbert, Clare,
Dates associated with a name 1970-
Relator term author.
245 10 - TITLE STATEMENT
Title 100 events that made history :
Remainder of title memorable moments that shaped the modern world /
Statement of responsibility, etc. written by Clare Hibbert, Andrea Mills, Rona Skene, and Sarah Tomley ; consultant, Philip Parker.
246 3# - VARYING FORM OF TITLE
Title proper/short title One hundred events that made history
264 #1 - PRODUCTION, PUBLICATION, DISTRIBUTION, MANUFACTURE, AND COPYRIGHT NOTICE
Place of production, publication, distribution, manufacture London
Name of producer, publisher, distributor, manufacturer DK Publishing,
Date of production, publication, distribution, manufacture, or copyright notice 2016.
264 #4 - PRODUCTION, PUBLICATION, DISTRIBUTION, MANUFACTURE, AND COPYRIGHT NOTICE
Date of production, publication, distribution, manufacture, or copyright notice ©2016
300 ## - PHYSICAL DESCRIPTION
Extent 128 pages :
Other physical details illustrations (chiefly color) ; maps
Dimensions 29 cm
336 ## - CONTENT TYPE
Content type term text
Content type code txt
Source rdacontent
336 ## - CONTENT TYPE
Content type term still image
Content type code sti
Source rdacontent
337 ## - MEDIA TYPE
Media type term unmediated
Media type code n
Source rdamedia
338 ## - CARRIER TYPE
Carrier type term volume
Carrier type code nc
Source rdacarrier
500 ## - GENERAL NOTE
General note Includes index.
520 ## - SUMMARY, ETC.
Summary, etc. This book features fun, informative text and illustrations about one hundred events from history that shaped the modern world.
521 8# - TARGET AUDIENCE NOTE
Target audience note Ages 8-11.
650 #0 - SUBJECT ADDED ENTRY--TOPICAL TERM
Topical term or geographic name entry element World history
Form subdivision Juvenile literature.
650 #0 - SUBJECT ADDED ENTRY--TOPICAL TERM
Topical term or geographic name entry element World history
Form subdivision Pictorial works.
650 #1 - SUBJECT ADDED ENTRY--TOPICAL TERM
Topical term or geographic name entry element World history.
650 #7 - SUBJECT ADDED ENTRY--TOPICAL TERM
Topical term or geographic name entry element World history.
Source of heading or term fast
Authority record control number or standard number (OCoLC)fst01181345
655 #7 - INDEX TERM--GENRE/FORM
Genre/form data or focus term Juvenile works.
Source of term fast
Authority record control number or standard number (OCoLC)fst01411637
700 1# - ADDED ENTRY--PERSONAL NAME
Personal name Mills, Andrea,
Relator term author.
700 1# - ADDED ENTRY--PERSONAL NAME
Personal name Skene, Rona,
Relator term author.
700 1# - ADDED ENTRY--PERSONAL NAME
Personal name Tomley, Sarah,
Relator term author.
700 1# - ADDED ENTRY--PERSONAL NAME
Personal name Parker, Philip,
Dates associated with a name 1965-
Relator term consultant.
906 ## - LOCAL DATA ELEMENT F, LDF (RLIN)
a 7
b cbc
c copycat
d 2
e ncip
f 20
g y-gencatlg
942 ## - ADDED ENTRY ELEMENTS (KOHA)
Source of classification or shelving scheme
Koha item type Books - Non Ficton
Holdings
Withdrawn status Lost status Source of classification or shelving scheme Damaged status Not for loan Collection code Permanent Location Current Location Shelving location Date acquired Full call number Barcode Date last seen Price effective from Koha item type
          Non-Fiction KH8 Senior School Library KH8 Senior School Library Non Fiction 2019-08-15 909 HIB 3KHSL000100000 2019-08-15 2019-08-15 Books - Non Ficton

Powered By KH8 IT Dept